Tambuco : ensamble de percusiones de México : grabaciones de estreno = Tambuco : Mexican Percussion Ensemble : World Premiere Recordings /

Tambuco interpreta aquí piezas de los colombianos Alexandra Cárdenas, Rodolfo Acosta R., Claudia Calderón, Leopoldo Novoa, Leonardo Idobro y Johann Hasler.

保存先:
書誌詳細
第一著者: Tambuco (ejecución musical)
その他の著者: Bringas, Alfredo (ejecución musical) (ejecución musical), Tudón, Raúl (ejecución musical) (ejecución musical), Oliveira, Cláudia (ejecución musical) (ejecución musical), Manzanilla, Iván (ejecución musical) (ejecución musical), Gallardo, Ricardo (ejecución musical, dirección y traducción) (ejecución musical, dirección y traducción), Lavista, Mario (música y texto del folleto) (música y texto del folleto), Macías, Gonzalo (música y texto del folleto) (música y texto del folleto), Sánchez-Gutiérrez, Carlos (música y texto del folleto) (música y texto del folleto), Baca-Lobera, Ignacio (música y texto del folleto) (música y texto del folleto), Alvarez, Javier (música y texto del folleto) (música y texto del folleto)
フォーマット: オーディオ
出版事項: México : Quindecim Recordings : CONACULTA, 2000, c2000
主題:
タグ: タグ追加
タグなし, このレコードへの初めてのタグを付けませんか!

MARC

LEADER 00000njm^a2200000^a^4500
001 000186868
005 20251020000000.0
009 20260310102240.392
037 |a Acervo ITESO - Biblioteca 
041 |a SON 
082 |a 789. 20972  |b TAM 
100 |a Tambuco  |e (ejecución musical) 
240 1 1 |a [Danza isorrítmica] 
240 1 1 |a [Souffle] 
240 1 1 |a [Danza-Contradanza II, de Carlos Sánchez-Gutiérrez] 
240 1 1 |a [Fase II, de Ignacio Baca-Lobera] 
240 1 1 |a [Nocturno y toque] 
245 1 0 |a Tambuco :  |b ensamble de percusiones de México : grabaciones de estreno = Tambuco : Mexican Percussion Ensemble : World Premiere Recordings /  |c Ejecución musical de Tambuco ; percusiones A. Bringas, R. Tudón, C. Oliveira, I. Manzanilla ; percusiones, dir. y tr. de R. Gallardo. 
264 4 |a México :  |b Quindecim Recordings :  |b CONACULTA,  |c 2000, c2000 
300 |a 1 disco compacto sonoro (58 min.) +  |e 1 folleto (12 p.) 
336 |a música interpretada  |b prm  |2 rdacontenido 
337 |a audio  |b s  |2 rdamedio 
338 |a disco sonoro  |b sd  |2 rdasoporte 
520 |a Tambuco interpreta aquí piezas de los colombianos Alexandra Cárdenas, Rodolfo Acosta R., Claudia Calderón, Leopoldo Novoa, Leonardo Idobro y Johann Hasler. 
546 |a Edición bilingüe español-inglés (folleto) 
649 |a XX 
650 |a Músicos Mexicanos 
650 |a Artistas Mexicanos 
650 |a Instrumentos de Percusión 
650 |a Instrumentos Musicales 
650 |a Cuarteto (Música) 
650 |a Música de Cámara -  |z México 
650 |a Música de Concierto -  |z México 
650 |a Música Mexicana -  |y Siglo XX 
650 |a Tambuco 
650 |a Lavista, Mario 
650 |a Macías, Gonzalo 
650 |a Sánchez-Gutiérrez, Carlos 
650 |a Baca-Lobera, Ignacio 
650 |a Alvarez, Javier 
700 |a Bringas, Alfredo  |e (ejecución musical) 
700 |a Tudón, Raúl  |e (ejecución musical) 
700 |a Oliveira, Cláudia  |e (ejecución musical) 
700 |a Manzanilla, Iván  |e (ejecución musical) 
700 |a Gallardo, Ricardo  |e (ejecución musical, dirección y traducción) 
700 |a Lavista, Mario  |e (música y texto del folleto) 
700 |a Macías, Gonzalo  |e (música y texto del folleto) 
700 |a Sánchez-Gutiérrez, Carlos  |e (música y texto del folleto) 
700 |a Baca-Lobera, Ignacio  |e (música y texto del folleto) 
700 |a Alvarez, Javier  |e (música y texto del folleto) 
910 |a Fondo General 
920 |a Sonoros - CDs 
940 |a CDs de Música 
905 |a 401 
901 |a 0500128752  |b IT2  |c CDM  |u 20250521 
901 |a 0500128766  |b IT2  |c MIM  |u 20251020 
902 |a https://opac.biblio.iteso.mx/vufind/Record/000186868